<?xml version="1.0" encoding="UTF-8"?><?xml-stylesheet type="text/xsl" href="static/style.xsl"?><OAI-PMH xmlns="http://www.openarchives.org/OAI/2.0/" xmlns:xsi="http://www.w3.org/2001/XMLSchema-instance" xsi:schemaLocation="http://www.openarchives.org/OAI/2.0/ http://www.openarchives.org/OAI/2.0/OAI-PMH.xsd"><responseDate>2026-06-07T17:26:15Z</responseDate><request verb="GetRecord" identifier="oai:docta.ucm.es:20.500.14352/98815" metadataPrefix="marc">https://docta.ucm.es/rest/oai/request</request><GetRecord><record><header><identifier>oai:docta.ucm.es:20.500.14352/98815</identifier><datestamp>2025-09-04T15:15:45Z</datestamp><setSpec>com_20.500.14352_14</setSpec><setSpec>col_20.500.14352_15</setSpec></header><metadata><record xmlns="http://www.loc.gov/MARC21/slim" xmlns:dcterms="http://purl.org/dc/terms/" xmlns:xsi="http://www.w3.org/2001/XMLSchema-instance" xmlns:doc="http://www.lyncode.com/xoai" xsi:schemaLocation="http://www.loc.gov/MARC21/slim http://www.loc.gov/standards/marcxml/schema/MARC21slim.xsd">
   <leader>00925njm 22002777a 4500</leader>
   <datafield ind2=" " ind1=" " tag="042">
      <subfield code="a">dc</subfield>
   </datafield>
   <datafield ind2=" " ind1=" " tag="720">
      <subfield code="a">Yacamán Ochoa, Carolina</subfield>
      <subfield code="e">author</subfield>
   </datafield>
   <datafield ind2=" " ind1=" " tag="260">
      <subfield code="c">2018</subfield>
   </datafield>
   <datafield ind2=" " ind1=" " tag="520">
      <subfield code="a">El Parque Agrario se está consolidando en los últimos años como una herramienta clave para la protección y gestión de los espacios agrarios periurbanos desde una perspectiva sistémica, multifuncional y estratégica. Ante la gran diversidad de aproximaciones teóricas y prácticas, el presente texto plantea como objetivos abordar una revisión crítica e indagar en sus fortalezas para su implementación en entornos metropolitanos, para lo cual se analizan recientes aportaciones científicas y se recogen los resultados empíricos del estudio de caso del Parque Agrario de Fuenlabrada, ubicado en la región metropolitana de Madrid.</subfield>
   </datafield>
   <datafield ind1="8" ind2=" " tag="024">
      <subfield code="a">Yacamán Ochoa, C. (2018). El Parque Agrario: Planificación estratégica para la preservación y gestión de los espacios agrarios metropolitanos. Ciudad Y Territorio Estudios Territoriales, 50(198), 787–804.</subfield>
   </datafield>
   <datafield ind1="8" ind2=" " tag="024">
      <subfield code="a">1133-4762</subfield>
   </datafield>
   <datafield ind1="8" ind2=" " tag="024">
      <subfield code="a">https://hdl.handle.net/20.500.14352/98815</subfield>
   </datafield>
   <datafield ind1="8" ind2=" " tag="024">
      <subfield code="a">https://recyt.fecyt.es/index.php/CyTET/article/view/76700</subfield>
   </datafield>
   <datafield ind2="0" ind1="0" tag="245">
      <subfield code="a">El Parque Agrario: Planificación estratégica para la preservación y gestión de los espacios agrarios metropolitanos</subfield>
   </datafield>
</record></metadata></record></GetRecord></OAI-PMH>